00485nam a22001217a 4500008004100000020001500041082002200056100005100078245002000129260004700149300003800196650012900234181205b xxu||||| |||| 00| 0 eng d a9968899089 a709.050.18bH557e aHernández, José Alberto y Murillo, Eugenio aEntre 4 Paredes aSan José, Costa RicabTEOR/éTicac2003 a10 p. bill (col)c30,5 x 24,5 cm 2Arte contemporáneovArte - Hospital - MedicinaxArte - Pacientes - HospitalxArte - Expediente médicozArte - Costa Rica